000 00647nam a22001937a 4500
005 20251108172115.0
008 250721s1997 xx 000 0 ara d
082 1 4 _a923.25693/راب
100 1 _aكابليوك، أمنون
245 1 0 _aإغتيال سياسي إسحق رابين :
_bإغتيال سياسي /
264 1 _aعمان :
_bدار الجليل للنشر والدراسات والأبحاث الفلسطينية،
_c1997.
300 _a240ص.
650 1 7 _aالتراجم
650 1 7 _aالسياسيون
650 1 7 _aالإغتيال
700 1 _aعقيلي، بدر
_eترجمة
942 _2ddc
_cBK
999 _c70621
_d70621